La vida del rey Eduardo II de Inglaterra

-д хадгалсан:
Номзүйн дэлгэрэнгүй
Үндсэн зохиолчид: Marlowe, Christopher (autor), Brecht, Bertolt (Зохиогч)
Формат: Ном
Хэл сонгох:испани
Хэвлэсэн: Madrid Centro Dramático Nacional 1983
Цуврал:Colección Centro Dramático Nacional
Нөхцлүүд:
Шошгууд: Шошго нэмэх
Шошго байхгүй, Энэхүү баримтыг шошголох эхний хүн болох!

MARC

LEADER 00000nam a2200000 a 4500
001 UCQ7373
003 CL-VaPUC
008 981107e19830000SP |||||||||||||||||spa|d
082 0 4 |a 792.92  |b MAR  |2 21 
100 |a Marlowe, Christopher  |e autor  |9 350163 
700 0 |a Brecht, Bertolt  |e author  |9 311649 
245 1 3 |a La vida del rey Eduardo II de Inglaterra 
300 |a 199 p 
942 |c BK 
945 |d 19981107 00:00:00  |a crobeson 
260 |a Madrid  |b Centro Dramático Nacional  |c 1983 
650 7 |a OBRAS DE TEATRO  |2 CL-VaPUC  |9 341455 
650 0 |a Artes escénicas  |9 318853 
583 |a last modification  |c 19981107 00:00:00  |k Rodrigo Vera 
490 0 |a Colección Centro Dramático Nacional 
999 |c 277049  |d 277047 
952 |0 0  |1 0  |4 0  |6 792_920000000000000_MAR_1983  |7 0  |8 A  |9 314767  |a BIBEDU  |b BIBEDU  |d 2019-11-20  |i 1489143  |o 792.92 MAR 1983  |p 1489143  |r 2019-11-20  |w 2019-11-20  |y BK  |k LIT